Cultural history of India. 5 V (Record no. 35964)

MARC details
000 -LEADER
fixed length control field 00287nam a2200109Ia 4500
082 ## - DEWEY DECIMAL CLASSIFICATION NUMBER
Classification number 091
Item number CUL.5
245 #0 - TITLE STATEMENT
Title Cultural history of India. 5 V
260 ## - PUBLICATION, DISTRIBUTION, ETC. (IMPRINT)
Place of publication Calcutta
Name of publisher Ramakrishna Mission
Year of publication 1937
650 ## - SUBJECT ADDED ENTRY--TOPICAL TERM
Topical Term Cultural heritage
942 ## - ADDED ENTRY ELEMENTS (KOHA)
Koha item type Books
Holdings
Withdrawn status Lost status Damaged status Not for loan Home library Current library Date acquired Cost, normal purchase price Full call number Accession Number Koha item type
        RRII Library RRII Library 16/12/2021 440.00 091 CUL.5 16381 Books